000 00550nam a2200205Ia 4500
005 20250923150136.0
008 008 250917s9999 xx 000 0 eng d
037 _aTextual
040 _aDSWL
_beng
_cDSWL
041 _aeng
_2eng
084 _qDSWL
245 0 _aMeeting the mental health needs of developing countries
_c Ed.by Vikram Patel
260 _aNew Delhi
_b Sage Publications
_c2003
300 _a402p.
365 _aINR
_b675
700 _a R THARA
_9842701
925 _g675
942 _cTEXL
999 _c1460031
_d1460031